| Tag |
First Indicator |
Second Indicator |
Subfields |
| LEADER |
00000cam a2200000 a 4500 |
| 001 |
in00000009523 |
| 005 |
20151007051617.0 |
| 008 |
870225r19861960enkc 00011 eng d |
| 010 |
|
|
|a gb 86022415
|
| 015 |
|
|
|a GB86-22415
|
| 020 |
|
|
|a 0002714590 :
|c £10.95
|
| 035 |
|
|
|a (OCoLC)14129297
|
| 035 |
|
|
|9 AAA3891AM
|
| 040 |
|
|
|a UKM
|c UKM
|d m/c
|d TXA
|d UtOrBLW
|
| 041 |
1 |
|
|a eng
|h ita
|
| 049 |
|
|
|a TXAM
|c [A12540974]
|
| 050 |
|
4 |
|a PQ4843.O53
|b L46 1986
|
| 082 |
0 |
|
|a 853/.912
|2 19
|
| 100 |
1 |
|
|a Tomasi di Lampedusa, Giuseppe,
|d 1896-1957.
|
| 240 |
1 |
3 |
|a Il gattopardo.
|l English
|
| 245 |
1 |
4 |
|a The leopard :
|b with a memory and two stories /
|c Giuseppe Tomasi di Lampedusa ; translated from the Italian by Archibald Colquhoun.
|
| 264 |
|
1 |
|a London :
|b Collins Harvill,
|c 1986
|
| 264 |
|
4 |
|c ©1961
|
| 300 |
|
|
|a 300 pages :
|b portrait ;
|c 22 cm.
|
| 336 |
|
|
|a text
|b txt
|2 rdacontent
|
| 337 |
|
|
|a unmediated
|b n
|2 rdamedia
|
| 338 |
|
|
|a volume
|b nc
|2 rdacarrier
|
| 505 |
0 |
|
|a The leopard. Originally published: London : Collins, 1960 - Two stories and a memory. Originally published: London : Collins, 1962.
|
| 500 |
|
|
|a Published in Italy under the title: Giuseppe Tomasi di Lampedusa.
|
| 700 |
1 |
|
|a Tomasi di Lampedusa, Giuseppe,
|d 1896-1957.
|t Racconti.
|l English.
|f 1986.
|
| 999 |
|
|
|a MARS
|
| 999 |
f |
f |
|s bd1e2c2d-0dae-38fe-81af-fa6d0212b278
|i 75f29e8b-8479-3c74-873e-24936da1a9ba
|t 0
|
| 952 |
f |
f |
|p normal
|a Texas A&M University
|b College Station
|c Sterling C. Evans Library
|d Evans: Library Stacks
|t 0
|e PQ4843.O53 L46 1986
|h Library of Congress classification
|i unmediated -- volume
|m A14812540974
|
| 998 |
f |
f |
|a PQ4843.O53 L46 1986
|t 0
|l Evans: Library Stacks
|